| 000 | 00464nam a22001937a 4500 | ||
|---|---|---|---|
| 003 | CEME | ||
| 005 | 20210628202406.0 | ||
| 008 | 210315b xxu||||| |||| 00| 0 eng d | ||
| 020 | _a9971-51-148-7 | ||
| 040 | _c. | ||
| 082 | _a519.4 ATK'E | ||
| 100 |
_aAtkin, Kendall _959722 |
||
| 245 | _aElementary numerical analysis | ||
| 250 | _a2ND | ||
| 260 |
_aNEWYORK _bJOHN WILEY _c1994 |
||
| 300 | _a425P | ||
| 650 |
_aNUMERICAL ANALYSI _959723 |
||
| 942 |
_cBK _2ddc |
||
| 999 |
_c569630 _d569630 |
||